Statistics for Top 15 Selling NBA Jerseys 2008 - 2018

Click here to take the quiz!

General Stats

  • This quiz has been taken 403 times
  • The average score is 32 of 45

Answer Stats

#Player% Correct
23James
98%
23James
98%
6James
98%
24Bryant
97%
24Bryant
97%
30Curry
97%
30Curry
97%
35Durant
96%
35Durant
96%
35Durant
96%
0Westbrook
87%
0Westbrook
87%
3Wade
86%
3Wade
86%
13Harden
85%
13Harden
85%
11Irving
79%
2Irving
79%
3Paul
79%
3Paul
79%
0Lillard
74%
5Garnett
73%
41Nowitzki
72%
11Thompson
72%
7Anthony
70%
15Anthony
70%
1Rose
67%
21Duncan
66%
24George
65%
2Leonard
65%
34Pierce
65%
34Giannis
60%
21Embiid
57%
3Iverson
55%
23Butler
54%
12Howard
53%
25Simmons
53%
32Griffin
51%
13Nash
50%
9Rondo
43%
1McGrady
38%
6Porzingis
35%
2Ball
29%
0Arenas
28%
3Marbury
3%

Score Distribution

Percentile by Number Answered

Percent of People with Each Score

Your Score History

You have not taken this quiz